000
00304nam a22001337a 4500
008
170516b xxu||||| |||| 00| 0 eng d
020
_a
9780395627679
041
_a
eng
080
_a
94/7/8
100
_a
16
101
_a
SHH
245
_a
HISTORY THE UNITED STATES
_c
DIBACCO.TH.V
942
_2
udc
_c
BK
999
_c
13359
_d
13359